Statistiques concernant Football: Top 10 de Ligue 1 de 2000 à 2009

Cliquez ici pour prendre le quiz!

Statistiques générales

  • Ce quiz a été pris 5 577 fois
  • Le résultat moyen est 17 sur 22

Statistiques - réponses

Club% Correct
Olympique de Marseille
99%
Olympique lyonnais
99%
Paris Saint-Germain
97%
Girondins de Bordeaux
95%
Lille OSC
94%
AS Saint-Étienne
92%
FC Nantes
92%
AS Monaco
91%
Stade rennais
91%
RC Lens
90%
OGC Nice
89%
Toulouse FC
83%
RC Strasbourg
79%
AJ Auxerre
74%
FC Lorient
68%
FC Sochaux-Montbéliard
63%
SC Bastia
56%
AS Nancy-Lorraine
54%
EA Guingamp
46%
ES Troyes AC
42%
CS Sedan-Ardennes
34%
Le Mans FC
30%

Distribution des résultats

Percentile par nombre de réponses

% des personnes avec chaque résultat

Votre développement - résultats

Vous n’avez pas pris ce quiz